<?xml version="1.0" encoding="UTF-8"?>
<record
    xmlns:xsi="http://www.w3.org/2001/XMLSchema-instance"
    xsi:schemaLocation="http://www.loc.gov/MARC21/slim http://www.loc.gov/standards/marcxml/schema/MARC21slim.xsd"
    xmlns="http://www.loc.gov/MARC21/slim">

  <leader>01415nam a2200193 a 4500</leader>
  <controlfield tag="005">20241202094238.0</controlfield>
  <controlfield tag="008">241128e2023    ag ||||| |||| 001 0 spa d</controlfield>
  <datafield tag="020" ind1=" " ind2=" ">
    <subfield code="a">9789500207812</subfield>
  </datafield>
  <datafield tag="041" ind1=" " ind2=" ">
    <subfield code="a">spa</subfield>
  </datafield>
  <datafield tag="092" ind1=" " ind2=" ">
    <subfield code="c">616.8</subfield>
    <subfield code="l">27</subfield>
    <subfield code="s">FUS</subfield>
  </datafield>
  <datafield tag="100" ind1="1" ind2=" ">
    <subfield code="a">Fustinoni, Osvaldo</subfield>
    <subfield code="9">405</subfield>
  </datafield>
  <datafield tag="245" ind1=" " ind2=" ">
    <subfield code="a">Semiolog&#xED;a del sistema nervioso /</subfield>
    <subfield code="c">Osvaldo Fustinoni</subfield>
  </datafield>
  <datafield tag="250" ind1=" " ind2=" ">
    <subfield code="a">15a ed.</subfield>
  </datafield>
  <datafield tag="260" ind1=" " ind2=" ">
    <subfield code="a">Buenos Aires:</subfield>
    <subfield code="b">El Ateneo;</subfield>
    <subfield code="c">2023.</subfield>
  </datafield>
  <datafield tag="300" ind1=" " ind2=" ">
    <subfield code="a">525 p.</subfield>
    <subfield code="b">18x26 cm.</subfield>
  </datafield>
  <datafield tag="500" ind1=" " ind2=" ">
    <subfield code="a">Fustinoni, O. (2023). Semiolog&#xED;a del sistema nervioso. (15a ed.). Buenos Aires : El Ateneo.</subfield>
  </datafield>
  <datafield tag="653" ind1=" " ind2=" ">
    <subfield code="a">Nociones de anatomia, fisiologia, histologia y patologia.</subfield>
    <subfield code="a">Exploraci&#xF3;n</subfield>
    <subfield code="a">Funciones craneanas, sensoriales,oculomotoras y de equilibrio pares craneanos V,VII,XI,y XII.</subfield>
    <subfield code="a">Funciones sensitivomotoras de cara, boca, fauces y cuello: pares craneanos V, VII, IX y XII. Sindromes de pares craneanos asociados</subfield>
    <subfield code="a">Motilidad</subfield>
    <subfield code="a">Tono muscular</subfield>
    <subfield code="a">Trofismo</subfield>
    <subfield code="a">Taxia</subfield>
    <subfield code="a">Reflejos, clonus y sincinesias</subfield>
    <subfield code="a">Manifestaciones motoras de hiperrexcitabilidad central y perif&#xE9;rica</subfield>
    <subfield code="a">Movimientos anormales y sindromes extrapiramidales</subfield>
    <subfield code="a">Sensibilidad</subfield>
    <subfield code="a">Sue&#xF1;o conciencia y coma</subfield>
    <subfield code="a">Palabra y funciones cerebrales superiores: lenguaje, praxia, gnosia, memoria.</subfield>
    <subfield code="a">Sindromes vasculares</subfield>
    <subfield code="a">Sindromes cognitivos</subfield>
    <subfield code="a">Sindromes semiol&#xF3;gicos de otras afecciones del sistema nervioso.</subfield>
    <subfield code="a">Sindromes funcionales y su deteccion</subfield>
    <subfield code="a">Semiologia psiquiatrica y comportamiento</subfield>
    <subfield code="a">Estudios complementarios</subfield>
  </datafield>
  <datafield tag="942" ind1=" " ind2=" ">
    <subfield code="2">ddc</subfield>
    <subfield code="c">BK</subfield>
  </datafield>
  <datafield tag="999" ind1=" " ind2=" ">
    <subfield code="c">3211</subfield>
    <subfield code="d">3211</subfield>
  </datafield>
  <datafield tag="952" ind1=" " ind2=" ">
    <subfield code="0">0</subfield>
    <subfield code="1">0</subfield>
    <subfield code="2">ddc</subfield>
    <subfield code="4">0</subfield>
    <subfield code="7">0</subfield>
    <subfield code="8">NFIC</subfield>
    <subfield code="a">BFM</subfield>
    <subfield code="b">BFM</subfield>
    <subfield code="c">CR</subfield>
    <subfield code="d">2024-11-25</subfield>
    <subfield code="e">Fondos UNComahue</subfield>
    <subfield code="g">35760.00</subfield>
    <subfield code="l">2</subfield>
    <subfield code="o">616.8 27 FUS</subfield>
    <subfield code="p">4941</subfield>
    <subfield code="q">2026-06-12</subfield>
    <subfield code="r">2026-06-05</subfield>
    <subfield code="s">2026-06-05</subfield>
    <subfield code="t">Ej. 3</subfield>
    <subfield code="w">2024-11-28</subfield>
    <subfield code="y">BK</subfield>
    <subfield code="z">Compra Nov. 2024</subfield>
    <subfield code="f"></subfield>
  </datafield>
</record>
